Statistics for One Direction Songs By Album

Click here to take the quiz!

General Stats

  • This quiz has been taken 3,614 times
    (2,630 since last reset)
  • The average score is 55 of 90

Answer Stats

AlbumSong% Correct
Up All NightWhat Makes You Beautiful
94%
Midnight MemoriesMidnight Memories
90%
Up All NightUp All Night
87%
Up All NightOne Thing
83%
Up All NightI Want
82%
Take Me HomeKiss You
82%
Midnight MemoriesBest Song Ever
81%
Made in the A.M.Drag Me Down
81%
Take Me HomeLittle Things
81%
Midnight MemoriesDiana
79%
Take Me HomeLive While We're Young
79%
Up All NightGotta Be You
77%
Midnight MemoriesStory Of My Life
77%
FourSteal My Girl
76%
Made in the A.M.Perfect
75%
Made in the A.M. (Deluxe Edition)A.M.
74%
Up All NightI Wish
74%
FourNight Changes
74%
Made in the A.M.History
73%
Midnight MemoriesLittle Black Dress
73%
Made in the A.M.Olivia
73%
Midnight MemoriesYou & I
73%
Take Me HomeRock Me
72%
Four18
70%
Up All Night (Limited Yearbook Edition)Moments
70%
Take Me HomeI Would
69%
FourNo Control
68%
Midnight MemoriesLittle White Lies
66%
Up All NightTaken
66%
Made in the A.M. (Deluxe Edition)Wolves
65%
FourClouds
64%
Take Me HomeC'mon, C'mon
63%
Midnight MemoriesHappily
63%
FourFireproof
62%
FourFool's Gold
62%
Midnight MemoriesStrong
62%
Take Me HomeThey Don't Know About Us
62%
Made in the A.M.Infinity
61%
Up All NightMore Than This
61%
Made in the A.M.If I Could Fly
60%
Up All Night (Souvenir Edition)Na Na Na
60%
Take Me HomeLast First Kiss
59%
FourStockholm Syndrome
59%
Take Me HomeSummer Love
59%
FourWhere Do Broken Hearts Go?
59%
Four (The Ultimate Edition)Act My Age
58%
Midnight Memories (Deluxe Edition)Alive
58%
Take Me HomeOver Again
58%
Four (The Ultimate Edition)Change Your Ticket
57%
Midnight MemoriesDon't Forget Where You Belong
57%
Take Me HomeHeart Attack
56%
Midnight MemoriesRight Now
56%
FourGirl Almighty
55%
Made in the A.M.Hey Angel
55%
Take Me HomeChange My Mind
54%
Up All NightSame Mistakes
54%
Up All NightSave You Tonight
54%
Made in the A.M.End of the Day
53%
Made in the A.M.I Want to Write You a Song
53%
Up All NightStole My Heart
53%
Midnight MemoriesBetter Than Words
52%
Midnight Memories (Deluxe Edition)Half A Heart
52%
FourReady to Run
52%
FourSpaces
52%
Midnight MemoriesThrough The Dark
52%
Take Me HomeBack For You
51%
Midnight Memories (Deluxe Edition)Does He Know?
51%
Up All NightEverything About You
51%
Made in the A.M.Love You Goodbye
51%
Up All NightTell Me A Lie
51%
Made in the A.M. (Deluxe Edition)Walking in the Wind
51%
Four (The Ultimate Edition)Illusion
49%
Take Me Home (Japanese Limited Yearbook Edition)Magic
49%
Take Me Home (Limited Yearbook Edition)She's Not Afraid
49%
Up All Night (Limited Yearbook Edition)Stand Up
49%
Made in the A.M. (Deluxe Edition)Temporary Fix
49%
Made in the A.M.Never Enough
48%
Up All Night (Souvenir Edition)Another World
47%
Made in the A.M.Long Way Down
47%
Midnight Memories (Japanese Bonus Edition)One Way Or Another (Teenage Kicks)
45%
Take Me Home (Limited Yearbook Edition)Nobody Compares
44%
Midnight MemoriesSomething Great
44%
Take Me Home (Limited Yearbook Edition)Still The One
44%
Take Me Home (Japanese Limited Yearbook Edition)Truly Madly Deeply
44%
Made in the A.M.What A Feeling
44%
Take Me Home (Limited Yearbook Edition)Loved You First
43%
Midnight Memories (Deluxe Edition)Why Don't We Go There
42%
Up All Night (Souvenir Edition)I Should've Kissed You
41%
Take Me Home (Japanese Limited Yearbook Edition)Irresistible
39%
Four (The Ultimate Edition)Once in a Lifetime
38%

Score Distribution

Percentile by Number Answered

Percent of People with Each Score

Your Score History

You have not taken this quiz since the last reset